[Event "American Continental 16th"]
[Site "San Salvador"]
[Date "2022.05.06"]
[Round "6"]
[White "Alas, Rigoberto"]
[Black "Holliman, Bob"]
[Result "0-1"]
[WhiteElo "1692"]
[BlackElo "1908"]
[PlyCount "98"]
[EventDate "2022.05.02"]
[EventType "swiss"]
[EventRounds "11"]
[EventCountry "ESA"]
[SourceTitle "CBM 208 Extra"]
[Source "ChessBase"]
[SourceDate "2022.07.31"]
[SourceVersion "1"]
[SourceVersionDate "2022.07.31"]
[SourceQuality "1"]

1. e4 e6 2. d4 d5 3. e5 c5 4. c3 Nc6 5. Nf3 Qb6 6. Bd3 cxd4 7. cxd4 Bd7 8. 0-0 Nxd4 9. Nxd4 Qxd4 10. Nc3 a6 11. Qe2 Qb6 12. Kh1 g6 13. f4 Ne7 14. Be3 Qd8 15. a4 Nf5 16. Bf2 h5 17. Rab1 Rc8 18. Rfc1 Bb4 19. Na2 Be7 20. a5 Rxc1+ 21. Nxc1 Qxa5 22. Nb3 Qb4 23. Bxf5 Qxb3 24. Bc2 Bb5 25. Bxb3 Bxe2 26. Rc1 Kd7 27. Bb6 Rc8 28. Rxc8 Kxc8 29. Ba4 Bb5 30. Bxb5 axb5 31. Kg1 Kd7 32. Kf1 Kc6 33. Bd4 Bc5 34. Bc3 d4 35. Bd2 Kd5 36. Ke2 Kc4 37. Bc1 d3+ 38. Kd2 Kb3 39. Kxd3 Bg1 40. h3 Bh2 41. g4 hxg4 42. hxg4 Bg3 43. Kd4 Bf2+ 44. Kd3 b6 45. g5 Bc5 46. Kd2 Bd4 47. Kd3 Bxb2 48. Be3 b4 49. Bxb6 Bc1 0-1

[Event "American Continental 16th"]
[Site "San Salvador"]
[Date "2022.05.04"]
[Round "4"]
[White "Alas, Rigoberto"]
[Black "Mira, Felix"]
[Result "0-1"]
[WhiteElo "1692"]
[BlackElo "1897"]
[PlyCount "118"]
[EventDate "2022.05.02"]
[EventType "swiss"]
[EventRounds "11"]
[EventCountry "ESA"]
[SourceTitle "CBM 208 Extra"]
[Source "ChessBase"]
[SourceDate "2022.07.31"]
[SourceVersion "1"]
[SourceVersionDate "2022.07.31"]
[SourceQuality "1"]

1. e4 c5 2. Nf3 e6 3. d4 cxd4 4. Nxd4 a6 5. Be2 Nf6 6. Nc3 Bb4 7. Qd3 Qc7 8. 0-0 b5 9. Bd2 Bc5 10. b4 Bxd4 11. Qxd4 Nc6 12. Qd3 Bb7 13. f4 Nxb4 14. Nxb5 Qc5+ 15. Qd4 Qxd4+ 16. Nxd4 Nc6 17. Nxc6 Bxc6 18. e5 Nd5 19. c4 Ne7 20. Bb4 a5 21. Bd6 Nf5 22. Bc5 f6 23. exf6 gxf6 24. Bh5+ Kd8 25. Bf3 Kc7 26. Bxc6 Kxc6 27. Bf2 h5 28. Rab1 Rab8 29. c5 Rb4 30. a3 Rxb1 31. Rxb1 Ne7 32. Rb6+ Kc7 33. Bd4 Nd5 34. Ra6 Rb8 35. Rxa5 Rb1+ 36. Kf2 Rd1 37. Ra4 Kc6 38. Be3 Rd3 39. Ra6+ Kb5 40. Rd6 Rxa3 41. Rxd7 Nxe3 42. Rb7+ Kxc5 43. Rh7 Ng4+ 44. Ke2 Ra2+ 45. Kd3 Rxg2 46. Rxh5+ f5 47. h3 Nf2+ 48. Ke3 Ne4 49. Rh6 Rg3+ 50. Ke2 Kd5 51. Rh8 Nc5 52. h4 Ke4 53. h5 Kxf4 54. h6 Rg2+ 55. Kf1 Rh2 56. h7 Ne4 57. Re8 Rxh7 58. Rxe6 Kf3 59. Kg1 Nf2 0-1

[Event "American Continental 16th"]
[Site "San Salvador"]
[Date "2022.05.02"]
[Round "1"]
[White "Giron, Jorge Ernesto"]
[Black "Alas, Rigoberto"]
[Result "1-0"]
[WhiteElo "2257"]
[BlackElo "1692"]
[PlyCount "93"]
[EventDate "2022.05.02"]
[EventType "swiss"]
[EventRounds "11"]
[EventCountry "ESA"]
[SourceTitle "CBM 208 Extra"]
[Source "ChessBase"]
[SourceDate "2022.07.31"]
[SourceVersion "1"]
[SourceVersionDate "2022.07.31"]
[SourceQuality "1"]

1. e4 c5 2. Nf3 d6 3. d4 cxd4 4. Nxd4 Nf6 5. Nc3 a6 6. f3 e6 7. Be3 Be7 8. a4 e5 9. Nb3 Be6 10. Nd5 Nxd5 11. exd5 Bf5 12. Qd2 h6 13. Na5 Qc7 14. Nc4 Nd7 15. a5 e4 16. f4 Bh4+ 17. g3 Bf6 18. Qb4 Nc5 19. Nxd6+ Qxd6 20. Bxc5 Qd7 21. Bd4 Be7 22. Qa4 0-0 23. Qxd7 Bxd7 24. Kf2 Rac8 25. c4 f5 26. Ke3 Bb4 27. Be2 g6 28. Rhc1 Kf7 29. c5 Bb5 30. Bxb5 axb5 31. a6 bxa6 32. Rxa6 Rfd8 33. Rf6+ Ke8 34. d6 g5 35. Rxf5 Rxd6 36. Kxe4 gxf4 37. gxf4 Rg6 38. Rc2 Ba5 39. Rf6 Rc6 40. Rxg6 Rxg6 41. c6 Bc7 42. Be5 Re6 43. Kd5 Re7 44. Bxc7 Rxc7 45. Kd6 Rf7 46. c7 Rf6+ 47. Ke5 1-0

[Event "San Salvador zt 2.3"]
[Site "San Salvador"]
[Date "2017.05.28"]
[Round "5"]
[White "Vasquez Miranda, Lenin Jesed"]
[Black "Alas, Rigoberto"]
[Result "1/2-1/2"]
[WhiteElo "1727"]
[BlackElo "1812"]
[PlyCount "70"]
[EventDate "2017.05.26"]
[EventType "swiss"]
[EventRounds "9"]
[EventCountry "ESA"]
[SourceTitle "CBM 178 Extra"]
[Source "ChessBase"]
[SourceDate "2017.06.22"]
[SourceVersion "1"]
[SourceVersionDate "2017.06.22"]
[SourceQuality "1"]

1. e4 d5 2. exd5 Nf6 3. Nc3 Nxd5 4. Nxd5 Qxd5 5. d4 e5 6. dxe5 Qxe5+ 7. Qe2 Nc6 8. Nf3 Qxe2+ 9. Bxe2 Bf5 10. c3 0-0-0 11. Be3 f6 12. 0-0 Bd6 13. Rad1 g5 14. Nd4 Nxd4 15. Bxd4 Be5 16. Bxe5 fxe5 17. Rxd8+ Rxd8 18. Rd1 Rd6 19. Rxd6 cxd6 20. f3 h5 21. Kf2 Kd7 22. Ke3 d5 23. Bd3 Bxd3 24. Kxd3 b5 25. b3 Kc6 26. g3 a5 27. a3 Kc5 28. b4+ axb4 29. axb4+ Kd6 30. Ke3 Ke6 31. h3 Kf6 32. g4 Kg6 33. Kd3 h4 34. Ke3 Kf6 35. Kd3 Ke6 1/2-1/2